00730cam a22002413a 45000010005000000030006000050050017000110080041000280400015000690420007000840500007000910500007000981000028001052450131001332600029002645000023002935060030003165160020003466530022003666530031003888300028004198560041004472474PGUSA20140828083015.0010101s2001||||xxu|||||s|||||000 1 eng d aPGUSAbeng adc 4aPS 4aPZ1 aDarlington, Edgar B. P.14aThe Circus Boys on the Flying Rings; Or, Making the Start in the Sawdust Lifeh[electronic resource] /cEdgar B. P. Darlington bProject Gutenberg,c2001 aCircus boys series aPublic domain in the USA. aElectronic text aAdventure stories aCircus -- Juvenile fiction 0aProject Gutenbergv247440uhttp://www.gutenberg.org/ebooks/2474